000 01205cam a22003137a 4500
003 CHAP
005 20220817044506.0
008 111018s1988 it r 00010 eng d
010 _a102402
011 _a103374
020 _a9250026870
035 _a114063
040 _cCHAP
082 1 0 _a639.2
_bF46 v.376 Supl.
110 2 _aFAO. Comisión de Pesca para el Atlántico Centro-Occidental
245 1 0 _aReport of the session of the Working Party on Assessment of Marine Fishery Resources (5o)
_c/por FAO. Comisión de Pesca para el Atlántico Centro-Occidental
260 _aRome :
_bFAO,
_c1987
300 _a25 p.
490 0 _aFAO. Informe de pesca
_v; 376
590 _aBATCH-UPD
_b10
_c20130110
_lUCH01
_h1045
590 _aCONVERSION
_b10
_c20130109
_lUCH01
_h1356
650 1 4 _aRecursos marinos.
830 0 _aFAO. Informe de pesca
_v; 376
_939587
901 _aBK
942 _cLIBRO
949 _a639.2 F46y v.376 supl.
_bBC
_cFAO
_d33724000769758
_eFAO2
_fc.3
_gDonaciØn
_h97421
_i114063
_sb
949 _a639.2 F46y v.376 supl.
_bBC
_cFAO
_d33724000769766
_eFAO2
_fc.2
_gDonaciØn
_h97420
_i114063
_sb
949 _a639.2 F46y v.376 supl.
_bBC
_cFAO
_d33724000769774
_eFAO1
_gDonaciØn
_h97419
_i114063
_sb
999 _c102402
_d102402